Tratado práctico de Sociedades Mercantiles (Record no. 71283)

MARC details
000 -LEADER
campo de control de longitud fija 00480nam a2200145 i 4500
001 - NÚMERO DE CONTROL
campo de control 71283
003 - IDENTIFICADOR DE NÚMERO DE CONTROL
campo de control ES-MaACL
007 - CAMPO FIJO DE DESCRIPCIÓN FÍSICA--INFORMACIÓN GENERAL
campo de control de longitud fija t|
008 - DATOS DE LONGITUD FIJA--INFORMACIÓN GENERAL
campo de control de longitud fija 040809m19411942sp ||||1| spa d
100 1# - ENTRADA PRINCIPAL--NOMBRE DE PERSONA
Nombre de persona Gay de Montellá, Rafael.
9 (RLIN) 56117
245 10 - MENCIÓN DEL TÍTULO
Título Tratado práctico de Sociedades Mercantiles
Resto del título : legislación comercial y tributaria /
Mención de responsabilidad, etc. Rafael Gay de Montellá.
260 ## - PUBLICACIÓN, DISTRIBUCIÓN, ETC.
Lugar de publicación, distribución, etc. Barcelona :
Nombre del editor, distribuidor, etc. Bosch,
Fecha de publicación, distribución, etc. [1941-42] (
Fabricante Clarasó)
300 ## - DESCRIPCIÓN FÍSICA
Extensión 2 v. ;
Dimensiones 24 cm.
852 ## - LOCALIZACIÓN
Ubicación ES-MaACL
Número de control de estantería B-9873-74
Sublocalización o colección R.19669
Holdings
Estatus retirado Estado de pérdida Estado de daño No para préstamo Biblioteca de origen Biblioteca actual Ubicación en estantería Fecha de adquisición Fuente de adquisición Total de préstamos Signatura topográfica completa Código de barras Visto por última vez Precio de reemplazo Tipo de ítem Koha
        Biblioteca del Ateneo de Madrid Biblioteca del Ateneo de Madrid Sala Pardo Bazán 17/01/2008     B-9873-74 1074638 23/02/2023 23/02/2023 Libro impreso